|
|
|
|
| LEADER |
00000nam a2200000 a 4500 |
| 001 |
vtls001110182 |
| 003 |
SK-MaSNL |
| 005 |
20260301014654.0 |
| 008 |
250414s1979 xo 0 000 slo |
| 015 |
|
|
|a SNBA1980
|
| 035 |
|
|
|a SNK000053024
|
| 040 |
|
|
|a SNK
|b slo
|c SNK
|e AACR2
|
| 041 |
|
|
|a slo
|
| 044 |
|
|
|a xo
|c SK
|
| 080 |
|
|
|a 027.021:658.516(082)
|2 2001
|
| 080 |
|
|
|a 658.516(082)
|2 2001
|
| 080 |
|
|
|a 027.021(082)
|2 2001
|
| 245 |
0 |
0 |
|a Normovanie práce vo vedeckých knižniciach
|b Zborník zo seminára konaného 19. júna 1979 v Bratislave
|c zostavila Marta Fratričová
|
| 250 |
|
|
|a 1. vyd.
|
| 260 |
|
|
|a Bratislava
|b Univerzitná knižnica
|c 1979
|e Bratislava
|f Univerzitná knižnica
|
| 300 |
|
|
|a 111 s.
|b Tab. Sch.
|c 20 cm
|
| 366 |
|
|
|e 300 výtl.
|
| 500 |
|
|
|a Lit. 152. Čl. aj čes. Rozmn. 152 zázn. lit. o knihách, čl., zbor. a výsk. prácach v jaz. slov., čes., rus., nem., angl. a poľ.
|
| 650 |
0 |
7 |
|a vedecké knižnice
|2 SNKPH
|9 49795
|
| 650 |
0 |
7 |
|a normovanie práce
|2 SNKPH
|9 21615
|
| 655 |
|
7 |
|a zborníky
|2 SNKPH
|9 70165
|
| 700 |
1 |
|
|a Fratričová, Marta,
|d 1933-
|4 com
|9 288437
|
| 852 |
|
|
|a Slovenská národná knižnica
|
| 954 |
|
|
|a knižnice vedecké
|a normovanie práce
|
| 958 |
|
|
|a OND
|
| 999 |
|
|
|c 558985
|d 560915
|
| 952 |
|
|
|a SNK
|b SNK
|y NEVYP
|7 0
|p 17A0070574
|0 0
|1 1
|4 0
|d 1998-06-12
|l 0
|r 2004-12-31 00:00:00
|w 2026-02-23
|